Statistics for Hypixel Skyblock - Dungeons Catacombs Quiz

Click here to take the quiz!

General Stats

  • This quiz has been taken 513 times
  • The average score is 15 of 20

Answer Stats

QuestionAnswer% Correct
What is the maximum and recommended amount of people that can join a Dungeon ?5
91%
How many floors are available in the catacombs ?7
89%
Which of these is generally considered the most valuable item to loot ?Necron's Handle
89%
How many guardians are there in the Floor III boss room ?4
85%
What does the Floor I boss room resemble ?A Circus
84%
What Dungeon chest only appears after defeating a boss from Floor 5+ with an S+ ?Bedrock Chest
84%
What mob from the Floor VI boss room doesn't attack you unless someone attacks him ?Sleeping Golem
84%
Which of these enchants obtained from the Catacombs is not an Ultimate Enchant ?Overload
82%
What dungeon puzzle only appears in Floor VII ?Bomb Defuse
81%
Which of these armor is obtained from Floor VI ?Necromancer Armor
81%
What is the minimum score required to obtain an S+ ?300
80%
There are four types of secrets, which of these isn't one of them ?Undead Essence
78%
Which of these mobs isn't a disciple of Scarf ?Undead Tank
76%
How many phases are present in the Floor VII boss room ?4
75%
What is the well-known trick to know which is the right Livid to kill ?The ceiling of the boss room indicates the color of the real Livid
73%
Which of these mobs doesn't exist in any of the Floor of the Catacombs ?Bouncy Skeleton
58%
Which of these mobs doesn't spawn in Thorn boss room ?Spirit Pig
57%
What is the status of Livid ?Master Necromancer
44%
When were the Catacombs Dungeon released on the main server ?July 7, 2020
32%
What is the size of a Floor IV ?Small (5x5)
32%

Score Distribution

Percentile by Number Answered

Percent of People with Each Score

Your Score History

You have not taken this quiz